=LDR 00000nam 2200000 4500 =001 INLIS000000000001630 =005 20130612090030 =008 ***********************************Ind** =035 ##$$0010-061300000001630 =041 ##$$a Ind =082 ##$$a 2x5.4 =090 ##$$a 2x5.4, Rof-p =100 ##$$a ROFI, Muh =245 ##$$a Pilihan do'a jaljalut, Muh. Rofi =260 ##$$a 2000 $b Solo =300 ##$$a 98 hlm, ilus, 21 cm =650 ##$$a Do'a (Islam) =850 ##$$a NBPNMAT